书目信息 |
| 题名: |
技巧竞赛规则
|
|
| 作者: | ;国家体育运动委员会 审定 | |
| 分册: | ||
| 出版信息: | 北京 人民体育出版社 1979 |
|
| 页数: | 141页 | |
| 开本: | 19cm | |
| 丛书名: | ||
| 单 册: | ||
| 中图分类: | G833.04 | |
| 科图分类: | ||
| 主题词: | 技巧运动-竞赛规则--1979 , 竞赛规则-技巧运动--1979 | |
| 电子资源: | ||
| ISBN: | ||
| 000 | 00695nam0 2200241 45 | |
| 001 | 0179003983 | |
| 005 | 20060820152631.29 | |
| 010 | @dCNY0.38 | |
| 091 | @aCN@b7015.1693 | |
| 100 | @a19950717d1979 em y0chiy0121 ea | |
| 101 | 0 | @achi |
| 102 | @aCN@b110000 | |
| 105 | @ay z 000yy | |
| 200 | 10 | @a技巧竞赛规则@Aji qiao jing sai gui ze@e1979@f国家体育运动委员会审定 |
| 205 | @a7版 | |
| 210 | @a北京@c人民体育出版社@d1979 | |
| 215 | @a141页@d19cm | |
| 606 | @a技巧运动-竞赛规则@z1979 | |
| 606 | @a竞赛规则-技巧运动@z1979 | |
| 690 | @aG833.04@v3 | |
| 711 | 02 | @a国家体育运动委员会@Aguo jia ti yu yun dong wei yuan hui@4审定 |
| 801 | 0 | @aCN@bTSSF@c20060820 |
| 905 | @a10447@dG833.04@e61=7 | |
| 技巧竞赛规则:1979/国家体育运动委员会审定.-7版.-北京:人民体育出版社,1979 |
| 141页;19cm |
| ISBN :CNY0.38 |
| ● |
| 相关链接 |
|
|
|
|
正题名:技巧竞赛规则
索取号:G833.04/61=7
 
预约/预借
| 序号 | 登录号 | 条形码 | 馆藏地/架位号 | 状态 | 备注 |
| 1 | 0470843 | 204708432 | 密集书库/ [索取号:G833.04/61=7] | 在馆 | |
| 2 | 0471050 | 204710508 | 密集书库/ [索取号:G833.04/61=7] | 在馆 |